Alternatívy investičného portfólia poistenca a finančná analýza jeho budúcich príjmov v dôchodkovom veku diplomová práca

Enregistré dans:
Détails bibliographiques
Auteur principal: Čechová, Natália
Collectivité auteur: Fakulta hospodárskej informatiky EU. Katedra matematiky a aktuárstva
Autres auteurs: Simonka, Zsolt, 1974-
Format: Livre
Langue:slovaque
Publié: Bratislava 2019
Tags: Ajouter un tag
Pas de tags, Soyez le premier à ajouter un tag!

MARC

LEADER 00000nbm a2200000 4500
001 0254241
005 20191023084601.6
041 0 |a slo 
044 |a SK 
245 1 0 |a Alternatívy investičného portfólia poistenca a finančná analýza jeho budúcich príjmov v dôchodkovom veku  |b diplomová práca  |c Natália Čechová ; školiteľ: Zsolt Simonka 
264 1 |a Bratislava  |c 2019 
300 |a 113 s. 
100 1 |a Čechová, Natália 
700 1 |a Simonka, Zsolt, 1974- 
710 2 |a Fakulta hospodárskej informatiky EU. Katedra matematiky a aktuárstva